| 000 | 00000nam 2200000zi 4500 |
| 001 | 9.947003 |
| 003 | CaOODSP |
| 005 | 20250130081324 |
| 006 | m o d f |
| 007 | cr mn||||||||| |
| 008 | 250116t20252025bccab ob f000 0 eng d |
| 020 | |a9780660752846 |
| 040 | |aCaOODSP|beng|erda|cCaOODSP |
| 043 | |an-cn-bc|apn----- |
| 086 | 1 |aFs143-3/23-2471E-PDF |
| 245 | 00|aPacific Region integrated fisheries management plan, November 7, 2024-November 6, 2025, Pacific herring. |
| 246 | 17|aFisheries and Oceans Canada, 2024/2025 Pacific herring integrated fisheries management plan |
| 264 | 1|a[Vancouver] : |bFisheries and Oceans Canada = Pêches et océans Canada, |c2025. |
| 264 | 4|c©2025 |
| 300 | |a1 online resource (242 pages) : |billustrations (chiefly colour), maps (some colour). |
| 336 | |atext|btxt|2rdacontent |
| 337 | |acomputer|bc|2rdamedia |
| 338 | |aonline resource|bcr|2rdacarrier |
| 490 | 1 |aPacific region integrated fisheries management plan, |x2564-002X ; |v23-2471 |
| 500 | |aTitle from cover. |
| 500 | |aTitle of series supplied from ISSN Portal. |
| 504 | |aIncludes bibliographical references. |
| 520 | |a"The purpose of this Integrated Fisheries Management Plan (IFMP) is to identify the main objectives and requirements for the Pacific Herring fishery in the Pacific Region, as well as the management measures that will be used to achieve these objectives. This document also serves to communicate the basic information on the fishery and its management to Fisheries and Oceans Canada (DFO, the Department) staff, legislated co-management boards and other stakeholders. This IFMP provides a common understanding of the basic “rules” for the sustainable management of the fisheries resource. …"--Foreword, page 19. |
| 650 | 0|aPacific herring fisheries|zBritish Columbia|zPacific Coast|xManagement. |
| 650 | 6|aHareng du Pacifique|xPêche commerciale|zColombie-Britannique|zPacifique, Côte du|xGestion. |
| 710 | 1 |aCanada. |bDepartment of Fisheries and Oceans. |bPacific Region, |eissuing body. |
| 830 | #0|aPacific region integrated fisheries management plan ;|v23-2471.|w(CaOODSP)9.901435 |
| 856 | 40|qPDF|s4.64 MB|uhttps://publications.gc.ca/collections/collection_2025/mpo-dfo/Fs143-3-23-2471-eng.pdf |